| 000 -LEADER | |
|---|---|
| fixed length control field | 00415nam a22001697a 4500 |
| 005 - DATE AND TIME OF LATEST TRANSACTION | |
| control field | 20190409101226.0 |
| 008 - FIXED-LENGTH DATA ELEMENTS--GENERAL INFORMATION | |
| fixed length control field | 160520b xxu||||| |||| 00| 0 eng d |
| 020 ## - INTERNATIONAL STANDARD BOOK NUMBER | |
| ISBN | 81-7409164-5 |
| 041 ## - LANGUAGE CODE | |
| Language code of text/sound track or separate title | eng |
| 082 ## - DEWEY DECIMAL CLASSIFICATION NUMBER | |
| Item number | 3616 |
| 100 ## - MAIN ENTRY--AUTHOR NAME | |
| Personal name | Garg G.C |
| 245 ## - TITLE STATEMENT | |
| Title | Utilisation of electric power & electric teaction |
| 260 ## - PUBLICATION, DISTRIBUTION, ETC. (IMPRINT) | |
| Name of publisher | Khanna Publishing |
| 300 ## - PHYSICAL DESCRIPTION | |
| Number of Pages | 998 |
| 650 ## - SUBJECT ADDED ENTRY--TOPICAL TERM | |
| Topical Term | DIPLOMA ENGINEERING |
| 942 ## - ADDED ENTRY ELEMENTS (KOHA) | |
| Koha item type | Books |
| Lost status | Damaged status | Home library | Current library | Shelving location | Date acquired | Cost, normal purchase price | Accession Number | Koha item type | Full call number |
|---|---|---|---|---|---|---|---|---|---|
| JRU Library | SHELF -72- G | 20/05/2016 | 250.00 | 3616 | Books | ||||
| JRU Library | SHELF-39-E | 20/05/2016 | 250.00 | 3617 | Books | 3616 | |||
| JRU Library | SHELF-39-E | 20/05/2016 | 250.00 | 3618 | Books | 3616 | |||
| JRU Library | SHELF-39-E | 20/05/2016 | 250.00 | 3619 | Books | 3616 | |||
| JRU Library | SHELF-39-E | 20/05/2016 | 250.00 | 3620 | Books | 3616 |